000 00874cam a2200289 a 4500
003 CO-BoRNBP
005 20241010162758.0
007 ta
008 010506s2000 ck a 00011dspa d
020 _a9589393934
040 _ala
_cla
041 0 _aspa
043 _as-ck---
084 _aN LLEU1
100 1 _aLleras de la Fuente, Fernando,
_d1947-
_92078
245 1 3 _aLa última muerte de Wozzeck /
_cFernando Lleras de la Fuente ; ilustraciones de Manolo Valdés.
250 _a1a. edición
300 _a135 p :
_bil ;
_c21 cm.
336 _2rdacontent
_atexto
_btxt
337 _2rdamedia
_asin mediación
_bn
338 _2rdacarrier
_avolumen
_bnc
650 7 _aNovela colombiana.
_2BLAAUTO
_91193
650 7 _aTragedia
_v Novela.
_2BLAAUTO
_942924
650 7 _aNovela amorosa.
_2BLAAUTO
_92079
700 1 _aValdés, Manolo,
_d1942-
_eil.
_92080
942 _2ddc
_cBKLIT
999 _c38427
_d38427